| 000 | 00444nab a2200145Ia 4500 | ||
|---|---|---|---|
| 003 | ES-SlBCS | ||
| 005 | 20210601125231.0 | ||
| 008 | 140529s1972 xxu||||| |||| 00| 0 eng d | ||
| 041 | _aeng | ||
| 100 | 1 |
_aHacker, Edward A. _9155750 |
|
| 245 | 0 | 0 |
_aRationality Versus Dehumanization _c Edward A. Hacker |
| 650 | 0 | 4 |
_aRacionalidad _9131286 |
| 773 | 0 |
_tPhilosophy and Phenomenological Research _gvol. 33, 1972, págs. 259-267 _wRev1411 |
|
| 942 | _cAR | ||
| 999 |
_c526945 _d526945 |
||